| 000 | 00833nam a2200241 a 4500 | ||
|---|---|---|---|
| 005 | 20230531063655.0 | ||
| 008 | 991125s20001997mx 000 0 spa u | ||
| 020 | _a9706901639 | ||
| 035 | _aUPN01000141355 | ||
| 049 | _aCG | ||
| 050 | 4 |
_aF1230 _bT4.28a |
|
| 100 | 1 |
_aThomas, Hugh, _d1931- |
|
| 245 | 1 | 3 |
_aLa conquista de México : _bel encuentro de dos mundos, el choque de dos imperios / _cHugh Thomas ; tr. Víctor Alba. |
| 260 |
_aMéxico : _bPlaneta, _c2000. |
||
| 300 |
_a896 p. : _bil. |
||
| 440 | 0 | _aDocumento | |
| 500 | _aTíulo tomado de la cubierta | ||
| 534 |
_pTítulo original: _tThe conquest of Mexico |
||
| 651 | 4 |
_aMéxico _xHistoria _yDescubrimiento y conquista, 1517-1521 _911526 |
|
| 600 | 0 | 4 |
_aMOCTEZUMA _bII, _cEMPERADOR DE MEXICO, _d1466-1520 _912808 |
| 600 | 1 | 4 |
_aCORTES, HERNAN, _d1485-1547 |
| 905 | _aLibro | ||
| 999 |
_c113502 _d113502 |
||